The word on sex, drugs and rock 'n' roll / (Record no. 6820)
[ view plain ]
| 000 -LEADER | |
|---|---|
| fixed length control field | 00706nam a22002177a 4500 |
| 003 - CONTROL NUMBER IDENTIFIER | |
| control field | GBCCL |
| 005 - DATE AND TIME OF LATEST TRANSACTION | |
| control field | 20241126110612.0 |
| 008 - FIXED-LENGTH DATA ELEMENTS--GENERAL INFORMATION | |
| fixed length control field | 180629b ||||| |||| 00| 0 eng d |
| 020 ## - INTERNATIONAL STANDARD BOOK NUMBER | |
| International Standard Book Number | 0830716424 |
| 040 ## - CATALOGING SOURCE | |
| Transcribing agency | gbc |
| 082 ## - DEWEY DECIMAL CLASSIFICATION NUMBER | |
| Classification number | 268.433 |
| Item number | YOU |
| 100 ## - MAIN ENTRY--PERSONAL NAME | |
| Personal name | Burns, Jim |
| 9 (RLIN) | 4836 |
| 245 ## - TITLE STATEMENT | |
| Title | The word on sex, drugs and rock 'n' roll / |
| Statement of responsibility, etc. | Jim Burns |
| 260 ## - PUBLICATION, DISTRIBUTION, ETC. | |
| Place of publication, distribution, etc. | Ventura: |
| Name of publisher, distributor, etc. | Gospel Light, |
| Date of publication, distribution, etc. | 1994 |
| 300 ## - PHYSICAL DESCRIPTION | |
| Extent | 186 p.; |
| Other physical details | ill., |
| Dimensions | 28 cm. |
| 440 ## - SERIES STATEMENT/ADDED ENTRY--TITLE | |
| Title | Youth builders group Bible studies |
| Volume/sequential designation | 1 |
| 9 (RLIN) | 11889 |
| 650 ## - SUBJECT ADDED ENTRY--TOPICAL TERM | |
| Topical term or geographic name entry element | Teenagers |
| Form subdivision | Drug use |
| Geographic subdivision | United States |
| General subdivision | Prevention. |
| 9 (RLIN) | 12226 |
| 650 ## - SUBJECT ADDED ENTRY--TOPICAL TERM | |
| Topical term or geographic name entry element | Teenagers |
| Form subdivision | Alcohol use |
| Geographic subdivision | United States |
| General subdivision | Prevention |
| 9 (RLIN) | 12227 |
| 650 ## - SUBJECT ADDED ENTRY--TOPICAL TERM | |
| Topical term or geographic name entry element | Christian education of teenagers. |
| 9 (RLIN) | 10659 |
| 942 ## - ADDED ENTRY ELEMENTS (KOHA) | |
| Source of classification or shelving scheme | Dewey Decimal Classification |
| Koha item type | Books |
| Koha issues (borrowed), all copies | 3 |
| Withdrawn status | Lost status | Source of classification or shelving scheme | Damaged status | Not for loan | Home library | Current Library | Shelving location | Date acquired | Total checkouts | Full call number | Barcode | Date last seen | Copy number | Price effective from | Koha item type | Date last checked out |
|---|---|---|---|---|---|---|---|---|---|---|---|---|---|---|---|---|
| Dewey Decimal Classification | GRACE BIBLE COLLEGE | GRACE BIBLE COLLEGE | Ministry & Mission | 2018-06-29 | 268.433 YOU | 008609 | 2025-05-01 | v.1 c.1 | 2018-06-29 | Books | ||||||
| Dewey Decimal Classification | GRACE BIBLE COLLEGE | GRACE BIBLE COLLEGE | Ministry & Mission | 2018-06-29 | 268.433 YOU | 008614 | 2025-05-01 | v.1 c.2 | 2018-06-29 | Books | ||||||
| Dewey Decimal Classification | GRACE BIBLE COLLEGE | GRACE BIBLE COLLEGE | Ministry & Mission | 2018-06-29 | 268.433 YOU | 008615 | 2025-05-01 | v.1 c.3 | 2018-06-29 | Books | ||||||
| Dewey Decimal Classification | GRACE BIBLE COLLEGE | GRACE BIBLE COLLEGE | Ministry & Mission | 2018-06-29 | 268.433 YOU | 008619 | 2025-05-01 | v.1 c.4 | 2018-06-29 | Books | ||||||
| Dewey Decimal Classification | GRACE BIBLE COLLEGE | GRACE BIBLE COLLEGE | Ministry & Mission | 2018-06-29 | 268.433 YOU | 008622 | 2025-05-01 | v.1 c.5 | 2018-06-29 | Books | ||||||
| Dewey Decimal Classification | GRACE BIBLE COLLEGE | GRACE BIBLE COLLEGE | Ministry & Mission | 2018-06-29 | 1 | 268.433 YOU | 008635 | 2025-09-26 | v.1 c.6 | 2018-06-29 | Books | 2025-09-24 | ||||
| Dewey Decimal Classification | GRACE BIBLE COLLEGE | GRACE BIBLE COLLEGE | Ministry & Mission | 2018-06-29 | 2 | 268.433 YOU | 008637 | 2025-05-01 | v.1 c.7 | 2018-06-29 | Books | 2024-11-07 | ||||
| Dewey Decimal Classification | GRACE BIBLE COLLEGE | GRACE BIBLE COLLEGE | Ministry & Mission | 2018-07-09 | 1 | 268.433 YOU | 009658 | 2025-05-01 | v.1 c.8 | 2018-07-09 | Books | 2018-10-18 | ||||
| Dewey Decimal Classification | GRACE BIBLE COLLEGE | GRACE BIBLE COLLEGE | Ministry & Mission | 2018-07-09 | 268.433 YOU | 009664 | 2025-05-01 | v.1 c.9 | 2018-07-09 | Books |